[Event "K2 2021/22"]
[Site "Mittelfranken-Süd"]
[Date "2022.03.20"]
[Round "2.1"]
[White "Wirth, Peter"]
[Black "Lorenz, Mathias"]
[Result "0-1"]
[WhiteElo "1600"]
[BlackElo "1535"]
[Annotator "Manthey,Frank"]
[PlyCount "56"]
[EventDate "2022.03.27"]
[EventType "team"]
[SourceVersionDate "2022.03.27"]

{[%evp 0,8,28,20,69,69,69,66,67,56,59]} 1. e4 d6 2. d4 Nf6 3. Nc3 Nbd7 4. Nf3
e5 5. dxe5 dxe5 6. a3 $6 Bc5 7. Bc4 h6 8. O-O O-O 9. h3 Re8 10. Qe2 c6 11. Rd1
Qc7 12. b4 Bf8 13. Be3 b5 14. Bd3 $6 a5 15. Na2 axb4 16. Nxb4 Nc5 17. Bd2 $6
Nxd3 18. cxd3 c5 19. Nd5 $2 (19. Rdc1 $142 Qd6 20. Nc2 Nh5 $17) 19... Nxd5 20.
exd5 Bb7 21. Bc3 Bxd5 22. Re1 $6 b4 23. axb4 Rxa1 24. Rxa1 cxb4 25. Bb2 Qb7 26.
Rc1 Qb5 27. Qc2 Bd6 28. Nd2 b3 0-1

[Event "K2 2021/22"]
[Site "Mittelfranken-Süd"]
[Date "2022.03.20"]
[Round "2.2"]
[White "Schwarz, Jonas"]
[Black "Bartelt, Michael"]
[Result "1-0"]
[WhiteElo "1109"]
[BlackElo "1497"]
[Annotator "Manthey,Frank"]
[PlyCount "57"]
[EventDate "2022.03.27"]
[EventType "team"]
[SourceVersionDate "2022.03.27"]

{[%evp 0,33,20,38,40,36,64,59,53,53,52,50,50,34,42,29,33,40,42,43,37,38,59,33,
70,16,26,34,39,39,46,49,93,114,142,164]} 1. e4 e5 2. Nf3 d6 3. d4 exd4 4. Nxd4
Nf6 5. Nc3 Be7 6. Bd3 Nbd7 $6 7. Nf5 O-O 8. O-O Ne5 9. Nxe7+ $5 {Eigentlich
sollte man nicht aktive gegen passive Figuren tauschen. In Verbindung mit der
Fesselung des Sf6 aber gut.} Qxe7 10. Bg5 c6 11. f4 {Jetzt rollt der Angriff.}
Ng6 12. f5 Ne5 13. Qe1 Nxd3 14. cxd3 h6 15. Be3 d5 16. Qg3 $1 $18 {[#] Danach
sieht es für Schwarz schon sehr finster aus.} dxe4 $2 ({Einen Versuch wert
gewesen wäre} 16... Nh5 {was Weiß aber auch schwungvoll kontern könnte:} 17.
Qh3 Nf6 18. Bxh6 gxh6 19. Qxh6 $18 {Der weiße Turm wird über f3 oder f4 den
sK zur Strecke bringen.}) 17. Bxh6 $18 Nh5 18. Qg4 Qf6 19. Bg5 Qd4+ 20. Kh1 g6
21. Qxe4 ({Stärker war} 21. dxe4 {aber auch nach dem D-Tausch bleibt Weiß
klar überlegen.}) 21... Qxe4 22. dxe4 f6 23. Bh6 Re8 24. g4 Ng7 25. fxg6 Bxg4
26. Rxf6 Rf8 27. Raf1 (27. Rf7 $142 $1 Rxf7 28. gxf7+ Kxf7 29. Rf1+ Kg6 30.
Bxg7 Kxg7 31. Rg1 $18) 27... Rae8 $2 28. Rf7 Bh5 $2 29. Rxg7+ {Stark gespielt,
Jonas!} 1-0

[Event "K2 2021/22"]
[Site "Mittelfranken-Süd"]
[Date "2022.03.20"]
[Round "2.3"]
[White "Weigel, Rainer"]
[Black "Nägele, Otto"]
[Result "0-1"]
[WhiteElo "1324"]
[BlackElo "1138"]
[Annotator "Manthey,Frank"]
[PlyCount "46"]
[EventDate "2022.03.27"]
[EventType "team"]
[SourceVersionDate "2022.03.27"]

1. d4 d5 2. c4 Nf6 3. Nc3 Bf5 4. cxd5 Nxd5 5. Nf3 e6 6. e3 Nc6 7. Bc4 Ndb4 8.
e4 $2 Bg4 9. Be3 Bxf3 10. gxf3 Nxd4 {[#] Eigentlich eine gute Idee, aber} 11.
Bxd4 $2 {Taktische Schwäche bei älteren Herren.} (11. Qa4+ c6 (11... Qd7 $5)
12. O-O-O $14 {hätte Weiß in Vorteil gebracht.}) 11... Qxd4 12. Qa4+ Nc6 13.
Nb5 $2 Qxb2 $19 14. Rd1 (14. O-O $142 {hätte Weiß noch gefährliche Chancen
geboten:} Qe5 15. Bd5 $1 Bc5 $1 16. Bxc6+ (16. Rac1 Bxf2+ $1 17. Kh1 $1 exd5
18. exd5 O-O-O $1 19. dxc6 Bb6 $19) 16... bxc6 17. Nxc7+ Qxc7 18. Rac1 Qb6 $19
{Das muss man natürlich alles erstmal sehen.}) 14... Qb4+ {Das bewährte
Erfolgsrezept: Abtauschen und das Endspiel gewinnen.} 15. Qxb4 Bxb4+ 16. Ke2
Rc8 17. Rhg1 O-O 18. Rd7 $2 {Der letzte Patzer.} Ne5 19. Rd4 Bc5 20. Rd2 Nxc4
21. Rc2 c6 22. Nxa7 Bxa7 23. Rxc4 b5 0-1

[Event "K2 2021/22"]
[Site "Mittelfranken-Süd"]
[Date "2022.03.20"]
[Round "2.4"]
[White "Arlt, Julia"]
[Black "Kumar, Matteo"]
[Result "1-0"]
[WhiteElo "1031"]
[BlackElo "1284"]
[Annotator "Manthey,Frank"]
[PlyCount "53"]
[EventDate "2022.03.27"]
[EventType "team"]
[SourceVersionDate "2022.03.27"]

1. e4 e5 2. Nf3 Nc6 3. Bc4 Bc5 4. d3 Nf6 5. Be3 $6 b6 $6 6. Nc3 O-O 7. d4 $6 (
7. O-O $142 $14) 7... exd4 8. Nxd4 Bb7 $6 (8... Ne5 $142 9. Be2 Bb7 $17) 9. Qd2
$2 Nxd4 10. Bxd4 Nxe4 $17 11. Nxe4 Bxe4 12. O-O Qh4 13. f3 Bb7 14. Bxc5 bxc5
15. b3 Rae8 $2 (15... d5 16. Bb5 a6 17. Bd3 Rae8 $17) 16. Qxd7 Re7 17. Qd2 $14
Ree8 $6 18. Bb5 c6 19. Bc4 Bc8 20. Rad1 Re5 21. Qa5 (21. Qd6 $142 Rfe8 22. Qxc6
$16) 21... Rh5 {[#]} 22. h3 $2 (22. Qc7 $1 {hätte dem Damenausflug nach a5
richtig Sinn gegeben, denn nun droht Lxf7.} Be6 23. Bxe6 fxe6 24. Rd7 $18)
22... Bxh3 $1 23. Rf2 $2 ({Nötig war} 23. Qe1 Qg5 24. Rf2 $11) 23... Bxg2 24.
Rxg2 Qh1+ 25. Kf2 Qxd1 26. Qc3 Qd8 $4 {Ein klassischer Blackout.} 27. Qxg7# 1-0

[Event "K2 2021/22"]
[Site "Mittelfranken-Süd"]
[Date "2022.03.20"]
[Round "2.5"]
[White "Stecher, Bernd"]
[Black "Kupka, Daniel"]
[Result "1/2-1/2"]
[WhiteElo "1162"]
[BlackElo "926"]
[Annotator "Manthey,Frank"]
[PlyCount "39"]
[EventDate "2022.03.27"]
[EventType "team"]
[SourceVersionDate "2022.03.27"]

1. d4 Nf6 2. c4 g6 3. e3 Bg7 4. Nf3 d6 5. Nbd2 Nbd7 6. Bd3 O-O 7. O-O c5 (7...
e5 $142 8. b3 Re8 9. Bc2 h6 $11) 8. d5 e6 9. e4 exd5 10. exd5 a6 (10... b5 $142
$1 $15) 11. Rb1 Rb8 12. a4 b6 (12... b5 $142 $1 $11) 13. b3 Bb7 14. Re1 Re8 15.
Ba3 a5 {Es wird Beton angerührt.} (15... b5 {war immer noch gut spielbar.})
16. Rxe8+ Qxe8 17. Qf1 Qf8 {Spiegelschach :-)} 18. Re1 Re8 19. Re2 Rxe2 20.
Qxe2 1/2-1/2